000 01128nam a2200205Ia 4500
003 Ost
005 20260507075113.0
008 260507s9999||||xx |||||||||||||| ||und||
040 _cfsecg
041 _aara
082 _a100
100 _aعباس، فيصل
_eمؤلف
245 0 _aالاختبارات النفسية :
_bتقنياتها وإجراءاتها /
_c فيصل عباس
260 _aبيروت:
_bدار الفكر العربي,
_c1996
300 _a183 صفحة؛
_bإيضاحات ؛
_c24 سم
504 _aببليوغرافيا:ص.191
520 _aالقياس النفسي،الاختبار النفسي،خصائص وتقنيات الاختبار،إخصائي القياس النفسي والتشخيص النفسي،تطبيق الاختبار النفسي،التقويم النفسي والتربوي،رائز وكسلر للذكاء عند الراشدين،التنظيم العقلي عند بياجيه،اتجاهات حديثة في الذكاء التخلف العقلي،نموذج اختبار قياس القدرة المنطقية
653 _aعلم النفس
942 _cكتاب
999 _c42952
_d42952